Bolton MBC v Torkington (Record no. 74254)
[ view plain ]
| 000 -LEADER | |
|---|---|
| fixed length control field | 01316cab a2200217 4500 |
| 001 - CONTROL NUMBER | |
| control field | ABS67639 |
| 008 - FIXED-LENGTH DATA ELEMENTS--GENERAL INFORMATION | |
| fixed length control field | 040309n2004 000 0 eng u |
| 035 ## - SYSTEM CONTROL NUMBER | |
| System control number | (Sirsi) u125380 |
| 245 ## - TITLE STATEMENT | |
| Title | Bolton MBC v Torkington |
| 260 ## - PUBLICATION, DISTRIBUTION, ETC. | |
| Date of publication, distribution, etc. | 2004 |
| 490 ## - SERIES STATEMENT | |
| Series statement | Estates Gazette |
| Volume/sequential designation | [2004] 07 EG 132-139(8) |
| 520 ## - SUMMARY, ETC. | |
| Summary, etc. | [2003] EWCA Civ 1634, 31 October 2003. Appeal by defendant (T) against HC decision granting claimant council (B) possession of property owned by it and occupied by T. B had instigated possession proceedings after failing to agree lease terms with T. Concerned with the interpretation of the Law of Property Act 1925 s74(1) with regards to the delivery and sealing of a deed. "Held": s74(1) was not concerned with the delivery of a deed but with the effect of its sealing by a corporation. A lease sealed in negotiations conducted subject to contract prior to completion had not been delivered and therefore s74(1) did not apply. "Longman v Viscount Chelsea and others" (CA, Abs41712) applied. Appeal dismissed. HL refused leave to appeal. |
| 590 ## - LOCAL NOTE (RLIN) | |
| Local note | ABS |
| 650 ## - SUBJECT ADDED ENTRY--TOPICAL TERM | |
| Topical term or geographic name entry element | BOLTON MBC AND TORKINGTON |
| 650 ## - SUBJECT ADDED ENTRY--TOPICAL TERM | |
| Topical term or geographic name entry element | DEEDS |
| 650 ## - SUBJECT ADDED ENTRY--TOPICAL TERM | |
| Topical term or geographic name entry element | LONGMAN V VISCOUNT CHELSEA AND OTHERS |
| 650 ## - SUBJECT ADDED ENTRY--TOPICAL TERM | |
| Topical term or geographic name entry element | LAW OF PROPERTY ACT 1925 S74(1) |
| 650 ## - SUBJECT ADDED ENTRY--TOPICAL TERM | |
| Topical term or geographic name entry element | DELIVERY |
| 690 ## - LOCAL SUBJECT ADDED ENTRY--TOPICAL TERM (OCLC, RLIN) | |
| Topical term or geographic name as entry element | LANDLORD AND TENANT-LEASES-CASE LAW |
| 942 ## - ADDED ENTRY ELEMENTS (KOHA) | |
| Suppress in OPAC | 0 |
| Withdrawn status | Lost status | Source of classification or shelving scheme | Damaged status | Not for loan | Home library | Current library | Shelving location | Date acquired | Total Checkouts | Full call number | Barcode | Date last seen | Copy number | Price effective from | Koha item type |
|---|---|---|---|---|---|---|---|---|---|---|---|---|---|---|---|
| Dewey Decimal Classification | London | London | Journal article | 09/03/2004 | ABS67639 | 125380-1001 | 06/08/2019 | 1 | 06/08/2019 | Law report |